logo

Bir Sreshtho Munshi Abdur Rouf Library
Jhenaidah Cadet College

Coriolanus / (Record no. 8597)

MARC details
000 -LEADER
fixed length control field 01022cam a2200349 a 4500
001 - CONTROL NUMBER
JCCL Control Number 8597
003 - CONTROL NUMBER IDENTIFIER
JCCL marc code BD - JhCC
005 - DATE AND TIME OF LATEST TRANSACTION
control field 20180227195840.0
008 - FIXED-LENGTH DATA ELEMENTS--GENERAL INFORMATION
fixed length control field 990216s2000 nyua b 000 0 eng
020 ## - INTERNATIONAL STANDARD BOOK NUMBER
International Standard Book Number 0521222265
020 ## - INTERNATIONAL STANDARD BOOK NUMBER
International Standard Book Number 0521294029 (pbk.)
035 ## - SYSTEM CONTROL NUMBER
system control number (BD - JhCC)8597
035 ## - SYSTEM CONTROL NUMBER
system control number (OCoLC)40848629
035 ## - SYSTEM CONTROL NUMBER
system control number (OCoLC)43539927
040 ## - CATALOGING SOURCE
Original cataloging agency DLC
Transcribing agency DLC
Modifying agency UKM
-- MYG
-- BD - JhCC
041 ## - LANGUAGE CODE
Language code of Book eng
050 00 - LIBRARY OF CONGRESS CALL NUMBER
Classification number PR2805.A2
Item number B58 2000
082 00 - DEWEY DECIMAL CLASSIFICATION NUMBER
Classification number 822.3/3
DDC Edition number 21
Author mark and Year SHA 2000
100 1# - MAIN ENTRY--PERSONAL NAME
Personal name Shakespeare, William,
Dates associated with a name 1564-1616.
245 10 - TITLE STATEMENT
Title Coriolanus /
Statement of responsibility, etc edited by Lee Bliss.
260 ## - PUBLICATION, DISTRIBUTION, ETC. (IMPRINT)
Place of publication, distribution, etc New York :
Name of publisher, distributor, etc Cambridge University Press,
Date of publication, distribution, etc 2000.
300 ## - PHYSICAL DESCRIPTION
Pagination xii, 303 p. :
Other physical details ill. ;
Dimensions 24 cm.
490 1# - SERIES STATEMENT
Series statement The new Cambridge Shakespeare
504 ## - BIBLIOGRAPHY, ETC. NOTE
Bibliography, etc Includes bibliographical references (p. 301-303).
600 10 - SUBJECT ADDED ENTRY--PERSONAL NAME
Personal name Coriolanus, Cnaeus Marcius
650 #0 - SUBJECT ADDED ENTRY--TOPICAL TERM
Topical term or geographic name as entry element Heroes
Geographic subdivision Rome
Form subdivision Drama.
655 #7 -
Genre/form data or focus term Tragedies.
Source of term gsafd
700 1# - ADDED ENTRY--PERSONAL NAME
Personal name Bliss, Lee,
Dates associated with a name 1943-
942 ## - ADDED ENTRY ELEMENTS (KOHA)
Source of classification or shelving scheme Dewey Decimal Classification
Koha item type Books
949 ## - LOCAL PROCESSING INFORMATION (OCLC)
a h
p 39080015915181
Holdings
Source of classification or shelving scheme Damaged status Not for loan Home library Current library Shelving location Total Checkouts Full call number Barcode Date last seen Copy number Koha item type
Dewey Decimal Classification     JCC Rouf Library JCC Rouf Library General Stacks   822.3/3 SHA 2000 8485 02/27/2018 C - 1 Books

JCC Library | Contacts | JCC Home

Last Update on 23 September 2017
Copyright @ 2017-2020 JCC Rouf Library
Rouf Library, Jhenidah Cadet College (JCC), Bangladesh